| 000 | 00551nam a22001935i 4500 | ||
|---|---|---|---|
| 001 | 53618 | ||
| 003 | ES-MaACL | ||
| 005 | 20230906162811.0 | ||
| 007 | t| | ||
| 008 | 960701s1872 sp ||||1| spa d | ||
| 040 |
_aCAM _bspa _cCAM |
||
| 100 | 1 |
_aFederici _cDoctor. _949066 |
|
| 245 | 1 | 3 |
_aLa hidrotherapia / _cdel doctor Federici. |
| 260 |
_aMadrid : _b[s.n.], _c1872 ( _fImp. de Pascual Conesa) |
||
| 300 |
_a8 p. ; _c19 cm. |
||
| 500 | _aPrecede al tít.: Ciencias médicas. | ||
| 650 | 1 | 4 |
_aHidroterapia. _913343 |
| 852 |
_aES-MaACL _jT-160-F-10 |
||
| 999 |
_c53618 _d53618 |
||